Postúpenie pohľadávky v obchodno-záväzkových vzťahoch, ich právna, daňová a účtovná problematika

Legislatívne úpravy postúpenia pohľadávky. Daňové aspekty postúpenia pohľadávky. Postupy účtovania postúpenia pohľadávky. Účtovné zobrazenie jednotlivých príkladov postúpenia pohľadávky. Účtovníctvo veriteľa. Účtovníctvo dlžníka.

Salvato in:
Dettagli Bibliografici
Autore principale: Vanko, Jozef
Natura: Capitolo di libro
Lingua:slovacco
Soggetti:
Tags: Aggiungi Tag
Nessun Tag, puoi essere il primo ad aggiungerne!!

MARC

LEADER 00000naa a2200000 4500
001 r030635
005 20230919080815.2
041 0 |a slo 
044 |a SK 
245 1 0 |a Postúpenie pohľadávky v obchodno-záväzkových vzťahoch, ich právna, daňová a účtovná problematika  |c Jozef Vanko 
520 |a Legislatívne úpravy postúpenia pohľadávky. Daňové aspekty postúpenia pohľadávky. Postupy účtovania postúpenia pohľadávky. Účtovné zobrazenie jednotlivých príkladov postúpenia pohľadávky. Účtovníctvo veriteľa. Účtovníctvo dlžníka. 
610 2 0 |a vzťahy obchodné záväzkové 
610 2 0 |a pohľadávky 
610 2 0 |a veritelia 
610 2 0 |a dlžníci 
610 2 0 |a účtovanie 
610 2 0 |a účty 
610 2 0 |a prípady účtovné 
100 1 |a Vanko, Jozef